Vivir Así es Morir de Amor (Camilo Sesto) - Letra Completa - Estadísticas

Estadísticas generales
  • Esta prueba ha sido intentada 37 veces
  • La puntuación promedio es 233 de 269
Estadísticas de respuestas
Respuesta % Correcto
a
100%
amor
100%
De
100%
de
100%
el
100%
es
100%
herida
100%
la
100%
me
100%
morir
100%
por
100%
Por
100%
Vivir
100%
alma
96%
asi
96%
Melancolia
96%
tengo
96%
mas
92%
No
92%
no
92%
que
92%
se
92%
vida
92%
Y
92%
y
92%
eso
88%
su
88%
mi
84%
Mi
84%
Estoy
80%
puedo
80%
quiero
80%
ser
80%
ya
80%
harto
76%
historia
76%
llora
76%
misma
76%
Siempre
76%
sus
76%
una
76%
como
72%
enamora
72%
noria
72%
repite
72%
amigo
68%
besos
68%
corazon
68%
enamorar
68%
esta
68%
quien
68%
razon
68%
rodar
68%
Soy
68%
voy
68%
amigo
64%
domina
64%
algo
60%
contra
60%
traiciona
60%
luchar
52%
mendigo
52%
llena
48%
locura
48%
vuelve
48%
amargura
44%
serenidad
44%
apodera
36%
No se encontraron pruebas coincidentes
Distribución de puntuación
Porcentaje de gente con cada puntuación
Porcentaje por número respondido
Historial de tus puntuaciones
No has intentado esta prueba.